Эффективность экономического механизма предприятия как объекта управления: учебно-методическое пособие

Bibliografske podrobnosti
Korporativna značnica: Национальный исследовательский Томский политехнический университет
Drugi avtorji: Потехина Н. В. Нина Васильевна (составитель), Шулинина Ю. И. Юлия Игоревна
Izvleček:В пособии представлена характеристика предприятия как открытой экономической системы. Дано описание основных производственных ресурсов предприятия и рассмотрена их эффективность. Также приведены методические указания по выполнению курсовой работы. Предназначено для студентов всех технических направлений подготовки и специальностей заочной формы обучения, изучающих дисциплину "Основы управления и проектирования на предприятии".
Jezik:ruščina
Izdano: Томск, Изд-во ТПУ, 2021
Teme:
Format: MixedMaterials Knjiga
KOHA link:https://koha.lib.tpu.ru/cgi-bin/koha/opac-detail.pl?biblionumber=346505

MARC

LEADER 00000nam0a2200000 4500
001 346505
005 20240213102426.0
010 |a 9785438709886 
035 |a (RuTPU)RU\TPU\book\378386 
090 |a 346505 
100 |a 20211006d2021 m y0rusy50 ca 
101 0 |a rus 
102 |a RU 
105 |a y j 001zy 
200 1 |a Эффективность экономического механизма предприятия как объекта управления  |e учебно-методическое пособие  |f Национальный исследовательский Томский политехнический университет ; сост. Н. В. Потехина, Ю. И. Шулинина 
210 |a Томск  |c Изд-во ТПУ  |d 2021 
215 |a 91 с. 
320 |a Библиогр.: с. 83-84 
330 |a В пособии представлена характеристика предприятия как открытой экономической системы. Дано описание основных производственных ресурсов предприятия и рассмотрена их эффективность. Также приведены методические указания по выполнению курсовой работы. Предназначено для студентов всех технических направлений подготовки и специальностей заочной формы обучения, изучающих дисциплину "Основы управления и проектирования на предприятии". 
452 1 |0 (RuTPU)RU\TPU\book\378198  |t Эффективность экономического механизма предприятия как объекта управления  |o учебно-методическое пособие  |f Национальный исследовательский Томский политехнический университет, Школа базовой инженерной подготовки ; сост. Н. В. Потехина ; Ю. И. Шулинина  |c Томск  |n Изд-во ТПУ  |d 2021 
606 1 |a Предприятия  |x Экономика  |x Управление  |2 stltpush  |3 (RuTPU)RU\TPU\subj\36690  |9 57983 
610 1 |a экономика 
610 1 |a управление 
610 1 |a экономические системы 
610 1 |a производственные ресурсы 
610 1 |a эффективность 
610 1 |a основные средства 
610 1 |a оборотные средства 
610 1 |a кадры 
610 1 |a заработная плата 
610 1 |a издержки 
610 1 |a прибыль 
610 1 |a методические указания 
610 1 |a курсовые работы 
610 1 |a написание 
610 1 |a учебно-методические пособия 
610 1 |a труды учёных ТПУ 
686 |a У9(2)29-2я7  |2 rubbk 
702 1 |a Потехина  |b Н. В.  |c экономист, специалист в области менеджмента  |c старший преподаватель Томского политехнического университета  |f 1982-  |g Нина Васильевна  |3 (RuTPU)RU\TPU\pers\36537  |4 220  |9 19586 
702 1 |a Шулинина  |b Ю. И.  |c экономист, специалист в области менеджмента  |c старший преподаватель Томского политехнического университета, эксперт  |f 1988-  |g Юлия Игоревна  |3 (RuTPU)RU\TPU\pers\37124  |4 220  |9 20117 
712 0 2 |a Национальный исследовательский Томский политехнический университет  |c (2009- )  |3 (RuTPU)RU\TPU\col\15902  |9 26305 
801 1 |a RU  |b 63413507  |c 20211006 
801 2 |a RU  |b 63413507  |c 20211125  |g RCR 
942 |c BK